MARC

LEADER 00000nam0a2200000 4500
001 224383
005 20231101230603.0
010 |a 5286005411 
020 |a RU  |b 90-18327ж 
035 |a (RuTPU)RU\TPU\book\244688 
090 |a 224383 
100 |a 20121025a1990 k a0rusy5003 ca 
101 0 |a rus 
102 |a RU 
105 |a y z 000zy 
200 1 |a Гляциология горных областей  |f под ред. М. И. Геткера, В. Ф. Суслова 
210 |a Москва  |c Гидрометеоиздат  |d 1990 
215 |a 149 с.  |c ил.  |d 22 см 
225 1 |a Труды Среднеазиатского регионального научно-исследовательского гидрометеорологического ин-та им. В. А. Бугаева  |x 0130-4887  |v Вып. 136(217) 
320 |a Библиогр. в конце статей 
606 1 |a Ледяной покров  |x Физико-механические свойства  |2 stltpush  |3 (RuTPU)RU\TPU\subj\39943  |9 59841 
610 1 |a снежные лавины 
610 1 |a ледники 
610 1 |a снежный покров 
610 1 |a горные области 
610 1 |a горные районы 
610 1 |a гляциология 
610 1 |a Средняя Азия 
675 |a 551.322  |z rus  |v 3 
702 1 |a Геткер  |b М. И.  |4 340 
702 1 |a Суслов  |b В. Ф.  |4 340 
712 0 2 |a Государственный комитет СССР по гидрометеорологии  |2 stltpush  |3 (RuTPU)RU\TPU\col\18282  |9 26959 
801 0 |a RU  |b RuMRKP  |c 19950417  |g psbo 
801 1 |a RU  |b 63413507  |c 20121025 
801 2 |a RU  |b 63413507  |c 20131002  |g RCR 
942 |c BK